| 000 -LEADER |
| fixed length control field |
00910nam a22001937a 4500 |
| 005 - DATE AND TIME OF LATEST TRANSACTION |
| control field |
20260123084321.0 |
| 008 - FIXED-LENGTH DATA ELEMENTS--GENERAL INFORMATION |
| fixed length control field |
230713b ||||| |||| 00| 0 eng d |
| 040 ## - CATALOGING SOURCE |
| Transcribing agency |
SSBUL |
| Modifying agency |
SSBUL |
| 082 ## - DEWEY DECIMAL CLASSIFICATION NUMBER |
| Edition number |
23 |
| Classification number |
၈၉၅.၈၁ နတ် ၁၅၉၈၉ (S-SAT) |
| 100 ## - MAIN ENTRY--PERSONAL NAME |
| Personal name |
နတ်ရှင်၊ |
| Titles and words associated with a name |
ဒဂုန်-။ |
| 9 (RLIN) |
17823 |
| 245 ## - TITLE STATEMENT |
| Title |
ဆယ်နှစ်ရာသီ စာပန်းချီ / |
| Statement of responsibility, etc. |
ဒဂုန်နတ်ရှင်။ |
| 260 ## - PUBLICATION, DISTRIBUTION, ETC. |
| Place of publication, distribution, etc. |
ရန်ကုန်၊ |
| Name of publisher, distributor, etc. |
စာပေဗိမာန်၊ |
| Date of publication, distribution, etc. |
၁၉၆၇။ |
| 300 ## - PHYSICAL DESCRIPTION |
| Extent |
၈၂ စာမျက်နှာ၊ |
| Dimensions |
၁၈ စင်တီ။ |
| 440 ## - SERIES STATEMENT/ADDED ENTRY--TITLE |
| Title |
စာပေဗိမာန်ပြည်သူ့လက်စွဲစာစဉ်။ |
| 9 (RLIN) |
27890 |
| 500 ## - GENERAL NOTE |
| General note |
S-SAT: Dr. Prof Sai Aung Tun |
| 650 ## - SUBJECT ADDED ENTRY--TOPICAL TERM |
| Topical term or geographic name entry element |
မြန်မာကဗျာ။ |
| 9 (RLIN) |
12061 |
|
| Topical term or geographic name entry element |
မြန်မာစာပေ |
| Form subdivision |
ကဗျာ။ |
| 9 (RLIN) |
27891 |
| 942 ## - ADDED ENTRY ELEMENTS (KOHA) |
| Source of classification or shelving scheme |
|
| Koha item type |
Book (Short term) |